Rosco Especial #3 - Copa del Mundo - Estadísticas

Estadísticas generales
  • Esta prueba ha sido intentada 319 veces
  • La puntuación promedio es 21 de 26
Estadísticas de respuestas
Letra Enunciado Respuesta % Correcto
A Selección con más finales disputadas en la historia de los mundiales. Alemania
99%
B Es la selección con más títulos en la historia de la competición. Brasil
99%
F Selección campeona y sede de la Copa del Mundo 1998. Francia
98%
U Es la primera selección en ser campeona de la Copa del Mundo en 1930. Uruguay
95%
R Jugador que marcó un doblete en la final de la Copa del mundo en el año 2002. Ronaldo Nazario
94%
X Famoso mediocampista el cual fue campeón de la Copa del Mundo con España en el año 2010. Xavi Hernández
94%
Z Jugador que protagonizó una polémica en la final de la copa del mundo 2006, llamado “el cabezazo”. Zinedine Zidane
93%
D Jugador que convirtió el denominado “Gol del Siglo”. Diego Armando Maradona
92%
E Es el jugador que más goles ha marcado con la selección de Portugal en la Copa del mundo, con un total de 10 goles anotados. Eusébio
92%
V Única selección Sudamericana en no disputar en toda su historia el torneo de la Copa del mundo Venezuela
92%
M Actualmente, es el máximo goleador en mundiales con un total de 16 goles convertidos. Miroslav Klose
91%
I Capitán de la selección española, en la Copa del mundo de 2010. Iker Casillas
90%
N Apodo que se le dió a la selección neerlandesa en la Copa del mundo de 1974 por su uniforme y excelente nivel de juego. Naranja Mecánica
90%
W Estadio en el cual se disputó la final de la Copa del Mundo de 1966 (Inglaterra vs Alemania). Wembley Stadium
90%
C Capitán de la selección de Brasil, campeona de la Copa del mundo en el año 2002. Cafú
88%
Q Cantidad de torneos disputados por la selección inglesa. Quince (15)
88%
S País sede de la Copa del mundo en 1954. Suiza
86%
H En el mundial de 1982, fue la mayor goleada en la historia de los mundiales, con un total de 10 -1. La selección derrotada fue El Salvador, mencione la selección que resultó ganadora en dicho partido. Hungría
85%
K Después de Lionel Messi, es el jugador activo con más goles en mundiales, con un total de 12 goles convertidos. Kylian Mbappé
79%
G Después de Lionel Messi, es el jugador argentino con más goles en mundiales, con un total de 10 anotaciones. Gabriel Batistuta
74%
P Es el goleador más joven de la Copa del Mundo, con 17 años y 239 dias de edad. Pelé
70%
Y Junto a Emiliano “Dibu” Martínez, fue de los mejores arqueros/porteros que disputo la Copa del Mundo en el año 2022 Yassine Bounou
67%
L Es el jugador con más partidos disputados en la Copa del Mundo en toda la historia, con un total de 26 partidos. Lionel Messi
65%
J Es el jugador con más goles marcados en un solo torneo de la Copa del Mundo, con un total de 13 goles. Just Fontaine
45%
T Es el jugador peruano con más goles convertidos en mundiales, con un total de 10 goles. Teófilo Cubillas
43%
O Capitán de la Uruguay campeona en 1950, durante la disputa del Maracanazo. Obdulio Varela
22%
No se encontraron pruebas coincidentes
Distribución de puntuación
Porcentaje de gente con cada puntuación
Porcentaje por número respondido
Historial de tus puntuaciones
No has intentado esta prueba.